| Tag |
First Indicator |
Second Indicator |
Subfields |
| LEADER |
00000pam a22000004a 4500 |
| 001 |
in00001574414 |
| 005 |
20151022095819.0 |
| 008 |
000825s2000 gw a b 001 0 eng |
| 010 |
|
|
|a 00046047
|
| 020 |
|
|
|a 3540410562 (softcover : alk. paper)
|
| 035 |
|
|
|a (OCoLC)ocm44914243
|
| 040 |
|
|
|a DLC
|c DLC
|d TXA
|d UtOrBLW
|
| 042 |
|
|
|a pcc
|
| 049 |
|
|
|a TXAM
|
| 050 |
0 |
0 |
|a QA76.58
|b .C69 2000
|
| 082 |
0 |
0 |
|a 004/.35
|2 21
|
| 111 |
2 |
|
|a International Conference on Parallel Problem Solving from Nature
|n (6th :
|d 2000 :
|c Paris, France)
|
| 245 |
1 |
0 |
|a Parallel problem solving from nature - PPSN VI ;
|b 6th International Conference, Paris, France, September 2000 ; proceedings /
|c Marc Schoenauer [and others] (eds.).
|
| 264 |
|
1 |
|a Berlin ;
|a New York :
|b Springer,
|c [2000]
|
| 264 |
|
4 |
|c ©2000
|
| 300 |
|
|
|a xxi, 914 pages :
|b illustrations ;
|c 23 cm.
|
| 336 |
|
|
|a text
|b txt
|2 rdacontent
|
| 337 |
|
|
|a unmediated
|b n
|2 rdamedia
|
| 338 |
|
|
|a volume
|b nc
|2 rdacarrier
|
| 490 |
1 |
|
|a Lecture notes in computer science ;
|v 1917
|
| 504 |
|
|
|a Includes bibliographical references and index.
|
| 650 |
|
0 |
|a Parallel processing (Electronic computers)
|v Congresses.
|
| 650 |
|
0 |
|a Evolutionary computation
|v Congresses.
|
| 700 |
1 |
|
|a Schoenauer, Marc.
|
| 830 |
|
0 |
|a Lecture notes in computer science ;
|v 1917.
|
| 948 |
|
|
|a cataloged
|b h
|c 2000/12/14
|d c
|e dmitchel
|f 1:00:00 pm
|
| 994 |
|
|
|a E0
|b TXA
|
| 999 |
|
|
|a MARS
|
| 999 |
f |
f |
|s 17eb92da-408f-38f8-a61f-09fe91de15b1
|i d9fda7e0-886c-3018-b914-fdaa18da8226
|t 0
|
| 952 |
f |
f |
|p ric
|a Texas A&M University
|b Rellis Campus
|c Joint Library Facility
|d Remote Storage
|t 0
|e QA76.58 .C69 2000
|h Library of Congress classification
|i unmediated -- volume
|m A14827065280
|
| 998 |
f |
f |
|a QA76.58 .C69 2000
|t 0
|l Remote Storage
|